000 01213ngm a22003130a 4500
001 PT47156
003 AR-LpoUNG
005 20210202000005.0
007 vd cvaizq
008 191001s[201||||ag |||||||||||||||||spa d
037 _c$10
040 _aAR-LpoUNG
_bspa
_cAR-LpoUNG
_eaacr
041 _aspa
_aeng
044 _aag
082 0 _a808.068 568val
100 1 _aAndrews, Mark
_edir.
245 1 0 _aValiente
260 _aSan Luis :
_bAVH,
_c[2012].
300 _aDVD (93 min.) : son., col.
505 0 _aSubtitulada en inglés y español. Contiene material extra, La leyenda de Mor'Du y comentarios. Producción: Disney - Pixar.
520 _aEn Valiente (Brave), las acciones de Mérida desatan el caos y la furia en el reino, y cuando ella acude a una anciana y excéntrica adivina en busca de ayuda, lo único que se le concede es un deseo malogrado. El consecuente peligro la forzará a descubrir el real significado de la valentía, una virtud que necesitará para deshacer una bestial maldición antes de que sea demasiado tarde.
653 _aANIMACION
653 _aAVENTURA
653 _aDVD
653 _aVIDEOS
653 _aVIDEOS INFANTILES
905 _a47156
942 _cDVD
999 _c53918
_d53918